Accounting policies in the financial reporting

Účtovná politika vo finančnom výkazníctve. Skúmanie požiadaviek verejného sektora na účtovnú politiku vo finančnom výkazníctve. Medzinárodný účtovný štandard pre verejný sektor IPSAS 3.

Salvato in:
Dettagli Bibliografici
Autore principale: Kršeková, Marianna
Altri autori: Horvátová, Diana
Natura: Capitolo di libro
Lingua:inglese
Soggetti:
Tags: Aggiungi Tag
Nessun Tag, puoi essere il primo ad aggiungerne!!

MARC

LEADER 00000nla a2200000 4500
001 0233507
005 20240502073807.6
041 0 |a eng 
044 |a SK 
245 1 0 |a Accounting policies in the financial reporting  |c Marianna Kršeková, Diana Horvátová 
520 |a Účtovná politika vo finančnom výkazníctve. Skúmanie požiadaviek verejného sektora na účtovnú politiku vo finančnom výkazníctve. Medzinárodný účtovný štandard pre verejný sektor IPSAS 3. 
610 2 0 |a účtovníctvo 
610 2 0 |a postupy účtovné 
610 2 0 |a výkazníctvo finančné 
610 2 0 |a výkazy finančné 
610 2 0 |a štandardy účtovné medzinárodné 
610 2 0 |a sektor verejný 
100 1 |a Kršeková, Marianna 
700 1 |a Horvátová, Diana